| 000 | 00830nam a22002177a 4500 | ||
|---|---|---|---|
| 999 |
_c3576 _d3576 |
||
| 003 | AR-CdUCM | ||
| 008 | 190306b ||||| |||| 00| 0 spa d | ||
| 040 |
_aMUNICIPALIDAD PROVINCIAL DEL CUSCO _cBIBLIOTECA MUNICIPAL DEL CUSCO |
||
| 082 |
_a345.72 / _bL93 |
||
| 100 |
_aLovatón Palacios, David _911705 |
||
| 245 |
_aJusticia de paz : _bnuevas tendencias y tareas pendientes / |
||
| 260 |
_aLima : _bBellido, _c2002. |
||
| 300 |
_a214 páginas ; _c22 cm. |
||
| 505 | _aCambios en el perfil de juez de paz -- La conciliación en sede de justicia de paz -- Justicia de paz y protección contra la violencia familiar... | ||
| 650 |
_aJusticia de paz. _911706 |
||
| 650 |
_aViolencia familiar. _911707 |
||
| 650 |
_aJuez de paz. _911708 |
||
| 700 |
_aArdito Vega, Wilfredo _911709 |
||
| 942 |
_2ddc _cLIBROS |
||
| 945 |
_awfj _d2019-03-06 |
||